KOHA-Header-6

ORACLE PL/ SQL Tips And Techniques (Record no. 8535)

000 -LEADER
fixed length control field 00270nam a2200109Ia 4500
100 ## - MAIN ENTRY--AUTHOR NAME
Personal name Joseph C. Trezzo
245 #0 - TITLE STATEMENT
Title ORACLE PL/ SQL Tips And Techniques
260 ## - PUBLICATION, DISTRIBUTION, ETC. (IMPRINT)
Place of publication London
Name of publisher Addison
Year of publication 2016
300 ## - PHYSICAL DESCRIPTION
Number of Pages 344
942 ## - ADDED ENTRY ELEMENTS (KOHA)
Koha item type Books
Holdings
Withdrawn status Lost status Collection code Permanent Location Current Location Shelving location Date acquired Full call number Accession Number Koha item type
    Computer Science MAJU MAJU   2019-09-14 005.2 3305 Computer Science

Powered by Koha